[Event "Summer Tournament"]
[Site "SchemingMind.com"]
[Date "2011.07.02"]
[Round "-"]
[White "ramesse"]
[Black "Mitch The Man"]
[Result "1-0"]
[WhiteCountry "SVK"]
[BlackCountry "USA"]
[WhiteElo "1877"]
[WhiteRD "94"]
[BlackElo "1381"]
[BlackRD "58"]
[GameID "287930"]

1. e4 e5 2. Nf3 d6 3. d4 Qe7 4. Nc3 c6 5. Bc4 Bd7 6. dxe5 dxe5 7. O-O h6 8. a4 g6 9. b3 Bg7 10. Ba3 Qd8
11. h3 Qc8 12. Qd6 Qd8 13. Rad1 Qe7 14. Qc7 Qd8 15. Bxf7+ Kxf7 16. Qxd8 Bf6 17. Qf8+
1-0

[Event "Summer Tournament"]
[Site "SchemingMind.com"]
[Date "2011.07.02"]
[Round "-"]
[White "Mitch The Man"]
[Black "ramesse"]
[Result "0-1"]
[WhiteCountry "USA"]
[BlackCountry "SVK"]
[WhiteElo "1381"]
[WhiteRD "58"]
[BlackElo "1877"]
[BlackRD "94"]
[GameID "287931"]

1. e4 c5 2. c4 Nc6 3. Nf3 g6 4. h3 Bg7 5. Be2 d6 6. O-O Nf6 7. Bd3 O-O 8. a3 Nd7 9. Ra2 Nde5 10. Nxe5 Nxe5
11. Be2 Be6 12. b3 Nc6 13. Bb2 Nd4 14. Bd3 Qd7 15. a4 Bxh3 16. Bxd4 Bg4 17. Be2 Bxe2 18. Qxe2 Bxd4 19. Na3 f5 20. Nb5 Be5
21. Na3 fxe4 22. Qxe4 Rf4 23. Qe2 Qf5 24. Nc2 Rf8 25. Ne3 Qg5 26. g3 h5 27. Ng2 Rf3 28. d3 Bxg3 29. Qe6+ Kg7 30. Qe4 h4
0-1

[Event "Summer Tournament"]
[Site "SchemingMind.com"]
[Date "2011.07.02"]
[Round "-"]
[White "grabapawn"]
[Black "Mitch The Man"]
[Result "1-0"]
[WhiteCountry "USA"]
[BlackCountry "USA"]
[WhiteElo "1573"]
[WhiteRD "69"]
[BlackElo "1381"]
[BlackRD "58"]
[GameID "287946"]

1. e4 e5 2. Bc4 Nf6 3. d3 h6 4. Nf3 Be7 5. O-O O-O 6. Nxe5 d5 7. exd5 Bd6 8. d4 a6 9. Re1 b5 10. Bb3 Bb7
11. Nc3 Re8 12. f4 Bb4 13. d6 Kh7 14. Re2 Bxd6 15. Qd3+ g6 16. Bxf7 Be4 17. Nxe4 Re7 18. Nxf6+
1-0

[Event "Summer Tournament"]
[Site "SchemingMind.com"]
[Date "2011.07.02"]
[Round "-"]
[White "grabapawn"]
[Black "ramesse"]
[Result "0-1"]
[WhiteCountry "USA"]
[BlackCountry "SVK"]
[WhiteElo "1573"]
[WhiteRD "69"]
[BlackElo "1877"]
[BlackRD "94"]
[GameID "287947"]

1. e4 c5 2. d4 cxd4 3. c3 dxc3 4. Nxc3 Nc6 5. Nf3 e6 6. Bc4 d6 7. O-O Be7 8. Qe2 Nf6 9. Rd1 e5 10. Be3 O-O
11. Rac1 Be6 12. Bb5 Ng4 13. h3 Nxe3 14. Qxe3 Bf6 15. Nd5 Bxd5 16. exd5 Nd4 17. Ba4 Nxf3+ 18. Qxf3 Bg5 19. Rc4 Rc8 20. Rdc1 Bxc1
21. Rxc8 Qxc8 22. Qe2 Qc5 23. Bb3 Rc8 24. Kh2 Qd4 25. f3 Bf4+ 26. g3 Rc1
0-1

[Event "Summer Tournament"]
[Site "SchemingMind.com"]
[Date "2011.07.02"]
[Round "-"]
[White "Mitch The Man"]
[Black "grabapawn"]
[Result "0-1"]
[WhiteCountry "USA"]
[BlackCountry "USA"]
[WhiteElo "1381"]
[WhiteRD "58"]
[BlackElo "1573"]
[BlackRD "69"]
[GameID "287948"]

1. e4 c5 2. c4 Nc6 3. Nf3 e6 4. Be2 Nf6 5. d3 d5 6. e5 Ng4 7. O-O Ngxe5 8. Nxe5 Nxe5 9. cxd5 exd5 10. h3 Bd6
11. Bd2 Qc7 12. Bf4 Bd7 13. a4 O-O-O 14. Qc2 Kb8 15. b3 f6 16. h4 h5 17. g3 Ng4 18. Bxd6 Qxd6 19. Kg2 g5 20. Bxg4 hxg4
21. hxg5 fxg5 22. Re1 Qh6 23. Kf1 Qh1+ 24. Ke2 Rde8+
0-1

[Event "Summer Tournament"]
[Site "SchemingMind.com"]
[Date "2011.07.02"]
[Round "-"]
[White "ramesse"]
[Black "grabapawn"]
[Result "1-0"]
[WhiteCountry "SVK"]
[BlackCountry "USA"]
[WhiteElo "1877"]
[WhiteRD "94"]
[BlackElo "1573"]
[BlackRD "69"]
[GameID "287949"]

1. e4 c5 2. Nf3 Nc6 3. d4 cxd4 4. Nxd4 e5 5. Nb5 d6 6. N1c3 Nf6 7. Bg5 Be7 8. Bxf6 gxf6 9. Nd5 O-O 10. Nxe7+ Qxe7
11. Qxd6 Qxd6 12. Nxd6 Be6 13. O-O-O Rad8 14. b3 Nd4 15. Nxb7 Rc8 16. Bd3 Bg4 17. Rd2 Rc7 18. Na5 Rfc8 19. Nc4 Nb5 20. Ne3 Bh5
21. Bxb5 Rc5 22. Bd7 R8c7 23. Nd5 Kg7 24. Nxc7 Rxc7 25. c4
1-0

[Event "Summer Tournament"]
[Site "SchemingMind.com"]
[Date "2011.07.03"]
[Round "-"]
[White "jacksrking"]
[Black "Mitch The Man"]
[Result "0-1"]
[WhiteCountry "USA"]
[BlackCountry "USA"]
[WhiteElo "1308"]
[WhiteRD "61"]
[BlackElo "1399"]
[BlackRD "58"]
[GameID "287987"]

1. e4 e5 2. Nf3 d6 3. Nc3 Bd7 4. Bc4 h6 5. d4 exd4 6. Nxd4 Be7 7. Qf3 Nf6 8. O-O O-O 9. Qg3 Nh5 10. Qf3 Bf6
11. Qxh5 Bxd4 12. Nd5 c6 13. Nf4 d5 14. exd5 Be8 15. Qd1 c5 16. Be3 b5 17. Bxd4 cxd4 18. Bb3 Qd6 19. Qxd4 Nd7 20. Nh5 Ne5
21. f4 g6 22. fxe5 Qb6 23. Nf6+ Kh8 24. Qxb6 axb6
0-1

[Event "Summer Tournament"]
[Site "SchemingMind.com"]
[Date "2011.07.03"]
[Round "-"]
[White "jacksrking"]
[Black "grabapawn"]
[Result "1-0"]
[WhiteCountry "USA"]
[BlackCountry "USA"]
[WhiteElo "1377"]
[WhiteRD "69"]
[BlackElo "1573"]
[BlackRD "69"]
[GameID "287988"]

1. e4 c5 2. Nf3 Nc6 3. d4 cxd4 4. Nxd4 Nxd4 5. Qxd4 e6 6. Nc3 d6 7. e5 Be7 8. exd6 Nf6 9. Bb5+ Kf8 10. Bf4 Nd5
11. dxe7+ Qxe7 12. O-O-O Bd7 13. Nxd5 Qd8 14. Bd6+ Ke8 15. Nc7+ Qxc7 16. Bxc7 Bxb5 17. Qxg7 Ke7 18. Rhe1 Rhg8 19. Qxh7 Rh8 20. Qe4 Bc6
21. Qb4+ Ke8 22. Rd8+ Rxd8 23. Bxd8 Kxd8 24. Rd1+ Kc7 25. Qa5+
1-0

[Event "Summer Tournament"]
[Site "SchemingMind.com"]
[Date "2011.07.03"]
[Round "-"]
[White "jacksrking"]
[Black "ramesse"]
[Result "0-1"]
[WhiteCountry "USA"]
[BlackCountry "SVK"]
[WhiteElo "1308"]
[WhiteRD "61"]
[BlackElo "2043"]
[BlackRD "70"]
[GameID "287989"]

1. e4 c5 2. Nf3 d6 3. d4 cxd4 4. Nxd4 Nf6 5. Nc3 a6 6. Bg5 e6 7. Bxf6 Qxf6 8. Be2 Nc6 9. Nxc6 bxc6 10. Qd2 Rb8
11. Rb1 d5 12. O-O Bd6 13. exd5 exd5 14. Nxd5 cxd5 15. Qxd5 Bb7
0-1

[Event "Summer Tournament"]
[Site "SchemingMind.com"]
[Date "2011.07.04"]
[Round "-"]
[White "Mitch The Man"]
[Black "jacksrking"]
[Result "1-0"]
[WhiteCountry "USA"]
[BlackCountry "USA"]
[WhiteElo "1399"]
[WhiteRD "58"]
[BlackElo "1308"]
[BlackRD "61"]
[GameID "287990"]

1. e4 c5 2. c4 d6 3. h3 Nc6 4. Nf3 Nf6 5. d3 e5 6. Be2 Be6 7. O-O Be7 8. Bd2 O-O 9. Qa4 Qb6 10. Bc3 h6
11. Nbd2 Nd4 12. Nxd4 exd4 13. Ba5 Qxb2 14. Rfb1 Bd7 15. Qd1 Qa3 16. Bc7 Qa6 17. e5 dxe5 18. Bxe5 Qe6 19. Rxb7 Qxe5 20. Nf3 Qe6
21. Rb2 Rab8 22. Rxb8 Rxb8 23. a4 a5 24. Qd2
1-0

[Event "Summer Tournament"]
[Site "SchemingMind.com"]
[Date "2011.07.03"]
[Round "-"]
[White "grabapawn"]
[Black "jacksrking"]
[Result "1-0"]
[WhiteCountry "USA"]
[BlackCountry "USA"]
[WhiteElo "1627"]
[WhiteRD "66"]
[BlackElo "1308"]
[BlackRD "61"]
[GameID "287991"]

1. e4 c5 2. d4 cxd4 3. c3 dxc3 4. Nxc3 Nc6 5. Nf3 Nf6 6. Bc4 e6 7. O-O d6 8. Qe2 a6 9. Rd1 Qb6 10. b3 Be7
11. Be3 Qa5 12. Na4 O-O 13. Bb6 Qb4 14. a3 Nd4 15. Nxd4 Qxa4 16. bxa4 e5 17. Nf5 Bxf5 18. exf5 Rac8 19. Bb3 Rc6 20. Ba5 e4
21. f3 d5 22. fxe4 dxe4 23. Bd5 Rc5 24. Bb4 Rxd5 25. Bxe7 Rxd1+ 26. Rxd1
1-0

[Event "Summer Tournament"]
[Site "SchemingMind.com"]
[Date "2011.07.04"]
[Round "-"]
[White "ramesse"]
[Black "jacksrking"]
[Result "1-0"]
[WhiteCountry "SVK"]
[BlackCountry "USA"]
[WhiteElo "2043"]
[WhiteRD "70"]
[BlackElo "1308"]
[BlackRD "61"]
[GameID "287992"]

1. e4 c5 2. Nf3 d6 3. d4 cxd4 4. Nxd4 Nf6 5. Nc3 a6 6. Be3 Bd7 7. f3 e6 8. g4 Be7 9. g5 Nh5 10. Qd2 f6
11. Bh3 Nc6 12. Nxe6 Bxe6 13. Bxe6 fxg5 14. Nd5 Nf4 15. Bb6
1-0

[Event "Summer Tournament"]
[Site "SchemingMind.com"]
[Date "2011.07.03"]
[Round "-"]
[White "bartleby en passant"]
[Black "Mitch The Man"]
[Result "1-0"]
[WhiteCountry "IRL"]
[BlackCountry "USA"]
[WhiteElo "1594"]
[WhiteRD "79"]
[BlackElo "1399"]
[BlackRD "58"]
[GameID "288028"]

1. d4 d5 2. c4 c6 3. c5 h6 4. Nc3 g6 5. Nf3 Bg7 6. h3 Nf6 7. e3 O-O 8. Bd3 a5 9. a4 Na6 10. O-O Nb4
11. b3 Nxd3 12. Qxd3 Bf5 13. Qe2 Ne4 14. Nxe4 Bxe4 15. Bd2 Bxf3 16. Qxf3 e6 17. Rfe1 b6 18. b4 bxc5 19. bxc5 Rb8 20. Rab1 Rxb1
21. Rxb1 g5 22. Rb6 Qc7 23. Qd1 Ra8 24. g3 Kh7 25. f4 gxf4 26. exf4 Bxd4+ 27. Kg2 Bxc5 28. Qc2+ f5 29. Qxc5 Rc8 30. Bxa5 Qa7
31. Qb4 Kg6 32. Qd6 Qxa5 33. Qxe6+
1-0

[Event "Summer Tournament"]
[Site "SchemingMind.com"]
[Date "2011.07.03"]
[Round "-"]
[White "bartleby en passant"]
[Black "grabapawn"]
[Result "0-1"]
[WhiteCountry "IRL"]
[BlackCountry "USA"]
[WhiteElo "1594"]
[WhiteRD "79"]
[BlackElo "1627"]
[BlackRD "66"]
[GameID "288029"]

1. e4 c5 2. Nf3 Nc6 3. d4 cxd4 4. Nxd4 Nxd4 5. Qxd4 e6 6. Nc3 d6 7. Be3 f6 8. f4 Nh6 9. h3 b6 10. a4 Nf7
11. O-O-O Be7 12. g4 Bb7 13. Bb5+ Kf8 14. Rhg1 h6 15. h4 Rc8 16. g5 e5 17. fxe5 fxe5 18. Qd2 hxg5 19. hxg5 g6 20. Bc4 Rxc4
21. b3 Rb4 22. Rg4 a6 23. Ne2 Rxe4 24. Rxe4 Bxe4 25. Rg1 Rh5 26. Ng3 Rh4 27. Nxe4 Rxe4 28. Rf1 d5 29. Qh2 Kg7 30. Rxf7+ Kxf7
31. Qh7+ Ke6 32. Qxg6+ Kd7 33. Qf5+ Kc7 34. Qf2 d4
0-1

[Event "Summer Tournament"]
[Site "SchemingMind.com"]
[Date "2011.07.04"]
[Round "-"]
[White "bartleby en passant"]
[Black "jacksrking"]
[Result "1-0"]
[WhiteCountry "IRL"]
[BlackCountry "USA"]
[WhiteElo "1594"]
[WhiteRD "79"]
[BlackElo "1308"]
[BlackRD "61"]
[GameID "288030"]

1. d4 d5 2. c4 e6 3. c5 Nc6 4. Nf3 Nf6 5. Bg5 Be7 6. Bxf6 Bxf6 7. e3 O-O 8. a3 Bd7 9. b4 a6 10. Bd3 b6
11. Nc3 b5 12. O-O e5 13. Nxd5
1-0

[Event "Summer Tournament"]
[Site "SchemingMind.com"]
[Date "2011.07.04"]
[Round "-"]
[White "bartleby en passant"]
[Black "ramesse"]
[Result "0-1"]
[WhiteCountry "IRL"]
[BlackCountry "SVK"]
[WhiteElo "1594"]
[WhiteRD "79"]
[BlackElo "2043"]
[BlackRD "70"]
[GameID "288031"]

1. d4 d5 2. c4 c6 3. c5 e5 4. dxe5 Bxc5 5. e3 Qe7 6. Nf3 Nd7 7. Qc2 Bb6 8. Qc3 Bc7 9. e6 fxe6 10. Bd3 Ngf6
11. Nbd2 e5 12. Bf5 e4 13. Bxd7+ Bxd7 14. Nd4 O-O 15. b4 a5 16. bxa5 Bxa5 17. Qb3 Ng4 18. O-O Qh4
0-1

[Event "Summer Tournament"]
[Site "SchemingMind.com"]
[Date "2011.07.03"]
[Round "-"]
[White "Mitch The Man"]
[Black "bartleby en passant"]
[Result "1-0"]
[WhiteCountry "USA"]
[BlackCountry "IRL"]
[WhiteElo "1408"]
[WhiteRD "59"]
[BlackElo "1585"]
[BlackRD "76"]
[GameID "288032"]

1. e4 e5 2. Nf3 Nf6 3. d3 Nc6 4. a3 d5 5. Nbd2 d4 6. h3 Be6 7. Be2 Be7 8. O-O O-O 9. c4 dxc3 10. bxc3 b5
11. Ng5 Qd7 12. Nxe6 Qxe6 13. Nb3 a5 14. Nd2 a4 15. Kh1 Na5 16. Qc2 c5 17. Qb2 Rab8 18. Nf3 Nc6 19. Ng5 Qd7 20. Qd2 h6
21. Nf3 Rfd8 22. Nh4 Nxe4 23. Qc2 Nxf2+ 24. Rxf2 Bxh4 25. Rf3 Ne7 26. Kh2 Ng6 27. g3 Bf6 28. Ra2 Rb6 29. Be3 Be7 30. Ra1 Bd6
31. Bf2 f5 32. Qa2+ Kh8 33. Qd5 Bf8 34. Qxd7 Rxd7 35. Rxf5 Rf6 36. Rxf6 gxf6 37. Kg1 Bd6 38. Ra2 Ne7 39. c4 bxc4 40. dxc4 Rb7
41. Kg2 Kg7 42. Bd3 f5 43. Bc2 Ra7 44. Kf1 Nc8 45. Bxf5 Nb6 46. Rc2 h5 47. Be4 Rf7 48. Ke2 Kf6 49. Kd3 Rg7 50. Rb2 Nc8
51. Rb5
1-0

[Event "Summer Tournament"]
[Site "SchemingMind.com"]
[Date "2011.07.03"]
[Round "-"]
[White "grabapawn"]
[Black "bartleby en passant"]
[Result "0-1"]
[WhiteCountry "USA"]
[BlackCountry "IRL"]
[WhiteElo "1627"]
[WhiteRD "66"]
[BlackElo "1594"]
[BlackRD "79"]
[GameID "288033"]

1. e4 e5 2. Nf3 Nf6 3. Nc3 Nc6 4. Bc4 h6 5. d3 Bb4 6. Bd2 Bxc3 7. Bxc3 d6 8. O-O O-O 9. Nh4 Nxe4 10. dxe4 Qxh4
11. f3 Ne7 12. Be1 Qg5 13. Bd2 Qg6 14. Qe2 Kh8 15. f4 f5 16. fxe5 dxe5 17. Bb4 Qb6+ 18. Kh1 Qxb4 19. Bb3 f4 20. Rf3 Bg4
21. c3 Bxf3 22. Qxf3 Qc5 23. h3 Rad8 24. Kh2 Rd6 25. a3 Rfd8 26. Rd1 Rxd1 27. Bxd1 Rd2
0-1

[Event "Summer Tournament"]
[Site "SchemingMind.com"]
[Date "2011.07.04"]
[Round "-"]
[White "jacksrking"]
[Black "bartleby en passant"]
[Result "0-1"]
[WhiteCountry "USA"]
[BlackCountry "IRL"]
[WhiteElo "1308"]
[WhiteRD "61"]
[BlackElo "1594"]
[BlackRD "79"]
[GameID "288034"]

1. e4 e5 2. Nf3 Nf6 3. Nc3 Nc6 4. Bb5 a6 5. Bxc6 dxc6 6. O-O Bd6 7. d4 exd4 8. Nxd4 O-O 9. Nf5 Bxf5 10. exf5 h6
11. Be3 Re8 12. a3 Qd7
0-1

[Event "Summer Tournament"]
[Site "SchemingMind.com"]
[Date "2011.07.04"]
[Round "-"]
[White "ramesse"]
[Black "bartleby en passant"]
[Result "1-0"]
[WhiteCountry "SVK"]
[BlackCountry "IRL"]
[WhiteElo "1877"]
[WhiteRD "94"]
[BlackElo "1599"]
[BlackRD "82"]
[GameID "288035"]

1. e4 c5 2. Nf3 Nc6 3. d4 cxd4 4. Nxd4 Nxd4 5. Qxd4 d6 6. Nc3 e5 7. Qa4+ Bd7 8. Qb3 b6 9. Bc4 Nh6 10. Bxh6 Qf6
11. Be3 Be7 12. Nd5
1-0

[Event "Summer Tournament"]
[Site "SchemingMind.com"]
[Date "2011.07.04"]
[Round "-"]
[White "lennart"]
[Black "Mitch The Man"]
[Result "1-0"]
[WhiteCountry "SWE"]
[BlackCountry "USA"]
[WhiteElo "1526"]
[WhiteRD "56"]
[BlackElo "1381"]
[BlackRD "58"]
[GameID "288102"]

1. e4 e5 2. Bd3 Bd6 3. Nf3 Ne7 4. O-O O-O 5. Re1 Ng6 6. Nc3 c6 7. Bc4 b5 8. Bb3 Ba6 9. d4 Qc7 10. d5 c5
11. a3 c4 12. Ba2 Bc5 13. Be3 Bxe3 14. Rxe3 d6 15. Ng5 h6 16. Nh3 Nd7 17. b3 Nc5 18. Qf3 Nh8 19. b4 Nb7 20. a4 bxa4
21. b5 Bxb5 22. Nxb5 Qc8 23. Rc3 Na5 24. Nxd6 Qb8 25. g3 Qxd6 26. Ra3 Qd7 27. Qc3 Qb5 28. Qxe5 Rae8 29. Qd4 Qb4 30. Re3 Qb6
31. Qc3 Rc8 32. Rb1 Qc5 33. Nf4 Rb8 34. Rd1 Rfd8 35. e5 Nc6 36. e6 Na5 37. exf7+ Nxf7 38. Ne6
1-0

[Event "Summer Tournament"]
[Site "SchemingMind.com"]
[Date "2011.07.04"]
[Round "-"]
[White "lennart"]
[Black "grabapawn"]
[Result "0-1"]
[WhiteCountry "SWE"]
[BlackCountry "USA"]
[WhiteElo "1526"]
[WhiteRD "56"]
[BlackElo "1573"]
[BlackRD "69"]
[GameID "288103"]

1. e4 c5 2. Nf3 Nc6 3. Bd3 e5 4. O-O Nf6 5. Nc3 Be7 6. Bc4 d6 7. b3 O-O 8. d3 Bg4 9. h3 Bh5 10. a3 h6
11. Rb1 Nd4 12. g4 Bg6 13. Nd5 Nxd5 14. Bxd5 Bh4 15. c3 Nc6 16. b4 Bf6 17. Qa4 Qc7 18. b5 Ne7 19. h4 Nxd5 20. Bd2 Nf4
21. Bxf4 exf4 22. c4 Qd7 23. Nh2 Bxh4 24. f3 h5 25. Rbd1 a6 26. Qb3 hxg4 27. Nxg4 f5 28. Nh2 fxe4 29. dxe4 Qh3 30. Rd2 Rf6
31. Rg2 Bh5 32. Qc2 Bg3 33. Qe2 Rg6 34. Ng4 Bxg4 35. fxg4 Rh6
0-1

[Event "Summer Tournament"]
[Site "SchemingMind.com"]
[Date "2011.07.06"]
[Round "-"]
[White "lennart"]
[Black "jacksrking"]
[Result "1-0"]
[WhiteCountry "SWE"]
[BlackCountry "USA"]
[WhiteElo "1507"]
[WhiteRD "58"]
[BlackElo "1308"]
[BlackRD "61"]
[GameID "288104"]

1. e4 c5 2. Nf3 d6 3. Bd3 Nf6 4. c4 Bg4 5. Be2 Nc6 6. d3 Qb6 7. b3 h6 8. Nbd2 Bxf3 9. Bxf3 Nd4 10. O-O e5
11. Rb1 Be7 12. a3 O-O 13. b4 a6 14. bxc5 Qxc5 15. Rxb7 Rfe8 16. Rb1 g6 17. Nb3 Nxf3+ 18. Qxf3 Qc6 19. Bxh6 Nh5 20. Be3 f5
21. g4 Nf4 22. gxf5 Nxd3 23. fxg6 Rf8 24. Qh5
1-0

[Event "Summer Tournament"]
[Site "SchemingMind.com"]
[Date "2011.07.04"]
[Round "-"]
[White "lennart"]
[Black "bartleby en passant"]
[Result "0-1"]
[WhiteCountry "SWE"]
[BlackCountry "IRL"]
[WhiteElo "1491"]
[WhiteRD "52"]
[BlackElo "1521"]
[BlackRD "71"]
[GameID "288105"]

1. e4 e5 2. Nf3 Nc6 3. Be2 Bc5 4. O-O d6 5. a3 Nf6 6. c3 a6 7. b4 Ba7 8. a4 b5 9. axb5 axb5 10. Bxb5 Bd7
11. Na3 Nxe4 12. Bb2 O-O 13. d3 Nf6 14. h3 Ne7 15. Bxd7 Qxd7 16. c4 c6 17. Qd2 Rab8 18. Bc3 Rfe8 19. Rab1 Nf5 20. g4 Nd4
21. Bxd4 exd4 22. Nc2 c5 23. b5 Nxg4 24. Qf4 Nf6 25. Kh2 Re6 26. Rbe1 Rbe8 27. Rxe6 Rxe6 28. Re1 Nh5 29. Qg4 Nf6 30. Qg5 h6
31. Qd2 Rxe1 32. Ncxe1 Bb8 33. Kg2 d5 34. Qb2 Qb7 35. Nc2 dxc4 36. dxc4 Ne4 37. Qa3 Bd6 38. Qa6 Qb8 39. Qc6 Nc3 40. b6 Ne2
41. Nce1 Nf4+ 42. Kf1 Nxh3 43. b7 Qc7 44. Qe8+ Kh7 45. Qc8 Nf4 46. Nc2 Ng6 47. Na3 Ne7 48. Qa8 Bf4 49. Nb5 Qb6 50. Na7 Qb1+
51. Kg2 Qg6+ 52. Kf1 Qb1+ 53. Ne1 Bd2 54. b8=Q Qxe1+ 55. Kg2 Nf5 56. Qh8+ Kg6 57. Qhb8 Nh4+ 58. Kg3 Kh5 59. Qd5+ f5 60. Qbe5 Qg1+
61. Kh3 Qg4+
0-1

[Event "Summer Tournament"]
[Site "SchemingMind.com"]
[Date "2011.07.04"]
[Round "-"]
[White "lennart"]
[Black "ramesse"]
[Result "0-1"]
[WhiteCountry "SWE"]
[BlackCountry "SVK"]
[WhiteElo "1526"]
[WhiteRD "56"]
[BlackElo "1877"]
[BlackRD "94"]
[GameID "288106"]

1. e4 c5 2. Nf3 d6 3. Bd3 Nc6 4. O-O Nf6 5. Re1 e5 6. Nc3 Be7 7. a3 O-O 8. b4 cxb4 9. axb4 Nxb4 10. Bc4 Be6
11. Be2 Qc7 12. Nb5 Qxc2 13. Ra4 a5 14. Qxc2 Nxc2 15. Rd1 Rfc8 16. Bb2 Bb3 17. Nc3 Rxc3 18. dxc3 Bxa4 19. Rc1 d5 20. exd5 e4
21. Nd4 Nxd4 22. cxd4 Nxd5 23. g3 Bc6 24. Bg4 a4 25. Ra1 a3 26. Bc1 b5
0-1

[Event "Summer Tournament"]
[Site "SchemingMind.com"]
[Date "2011.07.04"]
[Round "-"]
[White "Mitch The Man"]
[Black "lennart"]
[Result "0-1"]
[WhiteCountry "USA"]
[BlackCountry "SWE"]
[WhiteElo "1381"]
[WhiteRD "58"]
[BlackElo "1526"]
[BlackRD "56"]
[GameID "288107"]

1. e4 e5 2. Nf3 d6 3. h3 Nf6 4. d3 Nc6 5. Be2 d5 6. O-O Bc5 7. exd5 Nxd5 8. c3 O-O 9. a3 Re8 10. Qc2 Bf5
11. Qb3 Nf4 12. Bxf4 exf4 13. Qc2 Bb6 14. Nh4 Qxh4 15. Bf3 Ne5 16. Be4 Bxe4 17. dxe4 f3 18. g3 Qxh3
0-1

[Event "Summer Tournament"]
[Site "SchemingMind.com"]
[Date "2011.07.04"]
[Round "-"]
[White "grabapawn"]
[Black "lennart"]
[Result "1-0"]
[WhiteCountry "USA"]
[BlackCountry "SWE"]
[WhiteElo "1573"]
[WhiteRD "69"]
[BlackElo "1526"]
[BlackRD "56"]
[GameID "288108"]

1. e4 e5 2. d4 exd4 3. c3 dxc3 4. Nxc3 Nf6 5. Bc4 d6 6. Nf3 h6 7. O-O Be6 8. Qe2 c6 9. Rd1 Qc8 10. Bxe6 Qxe6
11. Bf4 Nfd7 12. e5 g5 13. Bg3 d5 14. Rd4 Na6 15. a3 Bc5 16. Rdd1 O-O-O 17. Na4 Be7 18. Rac1 h5 19. Nd4 Qg6 20. e6 Ndc5
21. Nb5 cxb5 22. Qxb5 Qxe6 23. b4 Nc7 24. Qa5 b6 25. Qxa7 Kd7 26. Qxc7+ Ke8 27. bxc5 Rc8 28. Qxb6 Qd7 29. c6 Qe6 30. Re1 Qf6
31. Be5
1-0

[Event "Summer Tournament"]
[Site "SchemingMind.com"]
[Date "2011.07.06"]
[Round "-"]
[White "jacksrking"]
[Black "lennart"]
[Result "0-1"]
[WhiteCountry "USA"]
[BlackCountry "SWE"]
[WhiteElo "1321"]
[WhiteRD "66"]
[BlackElo "1479"]
[BlackRD "55"]
[GameID "288109"]

1. e4 e5 2. Nf3 d6 3. h3 Nc6 4. Nc3 Be6 5. Bb5 a6 6. Bxc6+ bxc6 7. b3 Nf6 8. Bb2 d5 9. Nxe5 Qd6 10. f4 Qc5
11. d4 Qb6 12. f5 Bc8 13. Qe2 a5 14. O-O-O Ba6 15. Qf2 dxe4 16. Rhe1 Bb4 17. a3 Bd6 18. a4 O-O 19. Nxe4 Bxe5 20. Nxf6+ Bxf6
21. c4 Qxb3 22. Rd2 Qxc4+ 23. Rc2 Qxa4 24. d5 Bxb2+ 25. Rxb2 Qc4+ 26. Qc2 Qxd5 27. g4 f6 28. Rd1 Qf3 29. Rb3 Qf4+ 30. Qd2 Qa4
31. Re3 Rab8 32. Qc2 Qa1+ 33. Kd2 Rfd8+ 34. Ke1 Rxd1+ 35. Qxd1 Qxd1+ 36. Kxd1 h6 37. Kd2 a4 38. Rc3 Rd8+ 39. Ke3 Bb5 40. Ke4 Rd5
41. h4 Kh7 42. h5 Rd1 43. Kf4= Rd3
0-1

[Event "Summer Tournament"]
[Site "SchemingMind.com"]
[Date "2011.07.04"]
[Round "-"]
[White "bartleby en passant"]
[Black "lennart"]
[Result "0-1"]
[WhiteCountry "IRL"]
[BlackCountry "SWE"]
[WhiteElo "1594"]
[WhiteRD "79"]
[BlackElo "1507"]
[BlackRD "58"]
[GameID "288110"]

1. d4 d5 2. c4 dxc4 3. e4 Nc6 4. Nf3 e6 5. Bxc4 Nf6 6. Nc3 Bb4 7. Bg5 Qd7 8. Bxf6 gxf6 9. O-O Qe7 10. a3 Ba5
11. Re1 e5 12. d5 Nd4 13. Nxd4 exd4 14. Qa4+ Bd7 15. Qxa5 dxc3 16. bxc3 Qe5 17. Rac1 b6 18. Qb4 a5 19. Qb2 O-O 20. Qd2 Qd6
21. Re3 Rfe8 22. Rg3+ Kf8 23. Qh6+ Ke7 24. e5 fxe5 25. Qg5+ f6 26. Qg7+ Kd8 27. Qxh7 Kc8 28. Rg8 Qxa3 29. Rxe8+ Bxe8 30. Qh3+ Kb8
31. Rd1 Qa4 32. Be2 Bb5 33. Kf1 Qxd1#
0-1

[Event "Summer Tournament"]
[Site "SchemingMind.com"]
[Date "2011.07.05"]
[Round "-"]
[White "ramesse"]
[Black "lennart"]
[Result "1-0"]
[WhiteCountry "SVK"]
[BlackCountry "SWE"]
[WhiteElo "1877"]
[WhiteRD "94"]
[BlackElo "1526"]
[BlackRD "56"]
[GameID "288111"]

1. e4 e5 2. Nf3 Nf6 3. Nxe5 d6 4. Nf3 Nxe4 5. d4 Be7 6. Bd3 Nf6 7. h3 d5 8. O-O O-O 9. Nc3 c6 10. Bf4 Na6
11. Bxa6 bxa6 12. Qd3 Nh5 13. Bh2 a5 14. Rfe1 g6 15. Ne5 Bf5 16. Qe2 Bf6 17. g4 Bc8 18. Nxc6 Qd7 19. Qb5 Qb7 20. Qxb7 Bxb7
21. Nxa5 Bc8 22. gxh5 Bxd4 23. Nxd5 Be6 24. Nc6 Bxb2 25. Rab1 Ba3 26. Nc7 Rac8 27. hxg6 hxg6 28. Nxe6 Rxc6 29. Nxf8
1-0

[Event "Summer Tournament"]
[Site "SchemingMind.com"]
[Date "2011.07.05"]
[Round "-"]
[White "pclaxton"]
[Black "Mitch The Man"]
[Result "0-1"]
[WhiteCountry "ENG"]
[BlackCountry "USA"]
[WhiteElo "1317"]
[WhiteRD "59"]
[BlackElo "1381"]
[BlackRD "58"]
[GameID "288199"]

1. e4 e5 2. Nf3 Bd6 3. c4 c5 4. Bd3 Ne7 5. Nc3 O-O 6. O-O Nbc6 7. b3 a6 8. Bb2 Nb4 9. Bc2 Nxc2 10. Qxc2 b6
11. d3 Nc6 12. Nd5 Nb4 13. Nxb4 a5 14. Nd5 h6 15. Bxe5 Bxe5 16. Nxe5 Bb7 17. Nf4 d6 18. Ng4 Qg5 19. Nxh6+ Qxh6 20. Ne2 Rae8
21. f4 f5 22. Nc3 Qe6 23. Rfe1 fxe4 24. dxe4 Qg4 25. g3 Rxf4 26. Ne2 Rfxe4 27. Rad1 Re3 28. Rd2 Qf3 29. Qh7+ Kxh7 30. Nf4 Rxe1#
0-1

[Event "Summer Tournament"]
[Site "SchemingMind.com"]
[Date "2011.07.05"]
[Round "-"]
[White "pclaxton"]
[Black "grabapawn"]
[Result "0-1"]
[WhiteCountry "ENG"]
[BlackCountry "USA"]
[WhiteElo "1298"]
[WhiteRD "61"]
[BlackElo "1627"]
[BlackRD "66"]
[GameID "288200"]

1. e4 c5 2. d3 Nc6 3. Nf3 e5 4. Nc3 Nf6 5. Be3 d5 6. Na4 dxe4 7. dxe4 Qxd1+ 8. Rxd1 b6 9. Bb5 Bd7 10. Bxc6 Bxc6
11. Nc3 Nxe4 12. Nxe4 Bxe4 13. Nxe5 f6 14. Ng4 Rd8 15. Rxd8+ Kxd8 16. f3 Bxc2 17. Kd2 Ba4 18. b3 Bb5 19. Rd1 Kc8 20. Kc3 Be7
21. a4 Bc6 22. h4 Rd8 23. Rxd8+ Kxd8 24. g3 Bxf3 25. Nh2 Bg2 26. Bf4 f5 27. g4 fxg4 28. Nxg4 Bxh4 29. Ne3 Be4 30. Ng4 g5
31. Bb8 a6 32. Nf6 Bf5 33. Ba7 Kc7 34. Nd5+ Kc6 35. Kc4 Be6 36. b4 Bxd5+ 37. Kd3 Kb7 38. bxc5 Kxa7 39. cxb6+ Kxb6 40. Kd4 Bb3
41. a5+ Kxa5 42. Kc3 Ka4 43. Kb2 Kb4 44. Kc1 a5 45. Kb2 a4 46. Kb1 a3 47. Ka1 g4 48. Kb1 a2+ 49. Ka1 Bf6#
0-1